[Event "2. Bundesliga Mitte 2012/2013"]
[Site "Fuerstenfeld"]
[Date "2013.04.21"]
[Round "11"]
[Board "5"]
[White "Bittner, Rudolf Jun."]
[Black "Halvax, Georg"]
[Result "0-1"]
[WhiteElo "2060"]
[BlackElo "2282"]
[PlyCount "56"]
[EventDate "2012.10.19"]
[EventType "team"]
[EventRounds "11"]
[EventCountry "AUT"]
[WhiteTeam "Spg. Sauwald"]
[BlackTeam "Schachclub MPOE Maria Saal"]

1. e4 c5 2. Nf3 e6 3. d4 cxd4 4. Nxd4 Nf6 5. Nc3 Nc6 6. Be3 Bb4 7. f3 d5 8.
Nxc6 bxc6 9. e5 Nd7 10. Qd4 c5 11. Qg4 d4 12. Qxg7 Rf8 13. Bh6 dxc3 14. O-O-O
c4 15. Qxh7 Qb6 16. Bxc4 Bc5 17. Bb3 a5 18. Bxf8 Bxf8 19. Qe4 Ra7 20. bxc3 Ba3+
21. Kd2 Nc5 22. Qh4 Rd7+ 23. Ke2 Nxb3 24. cxb3 Qb5+ 25. Kf2 Qc5+ 26. Kg3 Qxe5+
27. Qf4 Qg7+ 28. Kh3 Rxd1 0-1

[Event "2. Bundesliga Mitte 2012/2013"]
[Site "Fuerstenfeld"]
[Date "2013.04.21"]
[Round "11"]
[Board "6"]
[White "Ramusch, Arnulf"]
[Black "Maier, Josef"]
[Result "1-0"]
[WhiteElo "2005"]
[BlackElo "1880"]
[PlyCount "65"]
[EventDate "2012.10.19"]
[EventType "team"]
[EventRounds "11"]
[EventCountry "AUT"]
[WhiteTeam "Schachclub MPOE Maria Saal"]
[BlackTeam "Spg. Sauwald"]

1. d4 Nf6 2. c4 g6 3. Nc3 Bg7 4. e4 d6 5. h3 O-O 6. Nf3 e5 7. Be3 Nc6 8. d5 Ne7
9. g4 b6 10. Be2 h5 11. Nd2 hxg4 12. hxg4 Nd7 13. g5 f5 14. gxf6 Nxf6 15. Rg1
Bd7 16. Qc2 Qc8 17. O-O-O Ng4 18. Bxg4 Bxg4 19. Rdf1 Bh5 20. f3 Kh7 21. Qd1 Bh6
22. Bxh6 Kxh6 23. Ne2 Ng8 24. Ng3 Nf6 25. Qe1 Qd7 26. Qe3+ Kh7 27. Qg5 Qf7 28.
f4 exf4 29. Rxf4 Qg7 30. Nf5 Qf7 31. Nd4 Qg7 32. Ne6 Qh8 33. Rgf1 1-0

[Event "2. Bundesliga Mitte 2012/2013"]
[Site "Fuerstenfeld"]
[Date "2013.04.21"]
[Round "11"]
[Board "1"]
[White "Freitag, Manfred"]
[Black "Pilaj, Herwig"]
[Result "0-1"]
[WhiteElo "2385"]
[BlackElo "2345"]
[PlyCount "80"]
[EventDate "2012.10.19"]
[EventType "team"]
[EventRounds "11"]
[EventCountry "AUT"]
[WhiteTeam "ESV Austria Graz"]
[BlackTeam "SC Die Klagenfurter"]

1. d4 Nf6 2. c4 g6 3. Nc3 Bg7 4. e4 d6 5. Be2 O-O 6. Nf3 c5 7. d5 e6 8. O-O
exd5 9. exd5 a6 10. h3 b6 11. Bd3 Ra7 12. Be3 Re7 13. Qd2 Nbd7 14. Rab1 Nh5 15.
Rfe1 f5 16. Bg5 Ndf6 17. Rxe7 Qxe7 18. b4 Re8 19. Na4 Qc7 20. bxc5 bxc5 21. Nb6
Bb7 22. Qc2 Ne4 23. Qa4 Nhf6 24. Bxf6 Nxf6 25. Ng5 Bh6 26. Ne6 Qf7 27. Qd1 Nh5
28. Bc2 Nf4 29. Ba4 Re7 30. Nxf4 Bxf4 31. Bc6 Be5 32. Qa4 Bd4 33. Bxb7 Rxb7 34.
Qc6 Qe7 35. Rf1 Rc7 36. Qa8+ Kg7 37. a4 f4 38. a5 f3 39. Qb8 fxg2 40. Kxg2 Qe4+
0-1

[Event "2. Bundesliga Mitte 2012/2013"]
[Site "Fuerstenfeld"]
[Date "2013.04.21"]
[Round "11"]
[Board "2"]
[White "Wertjanz, David"]
[Black "Karner, Christoph"]
[Result "1-0"]
[WhiteElo "2259"]
[BlackElo "2304"]
[PlyCount "83"]
[EventDate "2012.10.19"]
[EventType "team"]
[EventRounds "11"]
[EventCountry "AUT"]
[WhiteTeam "SC Die Klagenfurter"]
[BlackTeam "ESV Austria Graz"]

1. e4 c6 2. d4 d5 3. e5 c5 4. Nf3 Nc6 5. c4 cxd4 6. Nxd4 dxc4 7. Nxc6 Qxd1+ 8.
Kxd1 bxc6 9. Bxc4 Bf5 10. e6 Bxe6 11. Bxe6 fxe6 12. Re1 g6 13. Rxe6 Kd7 14. Re2
Nf6 15. Nc3 e6 16. Bg5 Nd5 17. Ne4 Bd6 18. a3 Rhf8 19. Kc2 Rf5 20. Rae1 Re8 21.
Be3 Nxe3+ 22. Rxe3 Ref8 23. h3 Rd5 24. f3 Bc5 25. Rc3 Bd4 26. Rc4 Rb8 27. b4 a5
28. Rd1 Be5 29. Nc5+ Kd6 30. Ne4+ Kd7 31. Re1 axb4 32. axb4 Ra8 33. Nc5+ Kd6
34. f4 Ra2+ 35. Kb3 Rb2+ 36. Ka3 Bh8 37. Rxe6+ Kc7 38. Re7+ Kd8 39. Rxh7 Bf6
40. Ne6+ Kc8 41. Rxc6+ Kb8 42. Rb6+ 1-0

[Event "2. Bundesliga Mitte 2012/2013"]
[Site "Fuerstenfeld"]
[Date "2013.04.21"]
[Round "11"]
[Board "3"]
[White "Fahrner, Kurt"]
[Black "Genser, Harald"]
[Result "1/2-1/2"]
[WhiteElo "2378"]
[BlackElo "2290"]
[PlyCount "84"]
[EventDate "2012.10.19"]
[EventType "team"]
[EventRounds "11"]
[EventCountry "AUT"]
[WhiteTeam "ESV Austria Graz"]
[BlackTeam "SC Die Klagenfurter"]

1. c4 e6 2. d4 d5 3. cxd5 exd5 4. Nc3 c6 5. Bf4 Bd6 6. Bxd6 Qxd6 7. e3 Ne7 8.
Nge2 O-O 9. Ng3 Nd7 10. Bd3 Nf6 11. O-O Be6 12. Qc2 Rac8 13. Rad1 c5 14. dxc5
Qxc5 15. Qb1 h6 16. h3 Nc6 17. Nce2 Nb4 18. Nd4 Nxd3 19. Rxd3 Qe7 20. Rfd1 a6
21. Nde2 Rc5 22. Rd4 Rfc8 23. Nf4 Rc4 24. a3 Rxd4 25. Rxd4 Qc5 26. Rd2 Qc1+ 27.
Qxc1 Rxc1+ 28. Kh2 Kf8 29. Nge2 Rc5 30. f3 Ke7 31. Nc3 g5 32. Nd3 Rc7 33. Kg3
Rc8 34. h4 Rc4 35. hxg5 hxg5 36. Ne5 Rc8 37. Rd4 Kd6 38. Nd3 Rc4 39. Kf2 Rxd4
40. exd4 Nd7 41. Ke3 Bf5 42. Na4 Bxd3 1/2-1/2

[Event "2. Bundesliga Mitte 2012/2013"]
[Site "Fuerstenfeld"]
[Date "2013.04.21"]
[Round "11"]
[Board "4"]
[White "Petschar, Kurt"]
[Black "Ebner, Hubert"]
[Result "1-0"]
[WhiteElo "2295"]
[BlackElo "2222"]
[PlyCount "87"]
[EventDate "2012.10.19"]
[EventType "team"]
[EventRounds "11"]
[EventCountry "AUT"]
[WhiteTeam "SC Die Klagenfurter"]
[BlackTeam "ESV Austria Graz"]

1. Nf3 Nf6 2. c4 g6 3. Nc3 Bg7 4. e4 d6 5. d4 O-O 6. Be2 Bg4 7. O-O Nfd7 8. Be3
c5 9. d5 Nb6 10. Qb3 a5 11. a4 Na6 12. h3 Bxf3 13. Bxf3 Nb4 14. Rad1 f5 15.
exf5 gxf5 16. Ne2 Qe8 17. Ra1 Qg6 18. Nf4 Qf6 19. Rab1 Bh6 20. Rbc1 Nd7 21. Ne6
Rf7 22. Bh5 f4 23. Bd2 Rg7 24. Nxg7 Bxg7 25. Bc3 Ne5 26. Bg4 Qg5 27. Bxe5 Bxe5
28. Rfe1 Rf8 29. Re4 f3 30. Rce1 fxg2 31. Rxe5 dxe5 32. Qg3 Qf4 33. Rxe5 Qxg3
34. fxg3 Rf1+ 35. Kxg2 Rb1 36. Rxe7 Rxb2+ 37. Kf3 Rb3+ 38. Kf4 Rc3 39. Be6+ Kf8
40. d6 Rd3 41. Rf7+ Ke8 42. d7+ Kd8 43. Rf8+ Kc7 44. Ra8 1-0

[Event "2. Bundesliga Mitte 2012/2013"]
[Site "Fuerstenfeld"]
[Date "2013.04.21"]
[Round "11"]
[Board "6"]
[White "Titz, Heimo"]
[Black "Schrittwieser, Herbert"]
[Result "0-1"]
[WhiteElo "2168"]
[BlackElo "2201"]
[PlyCount "112"]
[EventDate "2012.10.19"]
[EventType "team"]
[EventRounds "11"]
[EventCountry "AUT"]
[WhiteTeam "SC Die Klagenfurter"]
[BlackTeam "ESV Austria Graz"]

1. c4 e5 2. g3 Nf6 3. Bg2 Nc6 4. Nc3 Bc5 5. e3 d5 6. cxd5 Nb4 7. d4 exd4 8.
exd4 Be7 9. Nge2 Nbxd5 10. O-O O-O 11. Nf4 Nxf4 12. Bxf4 c6 13. d5 cxd5 14.
Nxd5 Nxd5 15. Bxd5 Bf6 16. Qb3 Qb6 17. Be3 Qxb3 18. axb3 Bxb2 19. Rxa7 Rxa7 20.
Bxa7 Rd8 21. Bf3 Rd3 22. Re1 Be6 23. Bxb7 Rd7 24. Bc8 Rxa7 25. Bxe6 fxe6 26.
Rxe6 Rb7 27. Re3 Kf7 28. Kg2 Rc7 29. Kf3 Rc3 30. Rxc3 Bxc3 31. Ke4 Ke6 32. f4
Be1 33. g4 Kd6 34. Kd4 Bd2 35. Ke4 Be1 36. Kd4 Bf2+ 37. Ke4 Kc5 38. Ke5 Kb4 39.
Ke6 Kxb3 40. Kf7 Bd4 41. h4 Kc4 42. f5 Kd5 43. g5 Ke4 44. Ke6 Kf4 45. f6 gxf6
46. gxf6 h5 47. f7 Bg7 48. Kd5 Kg4 49. Ke4 Kxh4 50. Kf3 Kh3 51. Kf4 h4 52. Kf3
Kh2 53. Kf2 h3 54. Kf1 Bf8 55. Kf2 Be7 56. Kf1 Bc5 0-1

[Event "2. Bundesliga Mitte 2012/2013"]
[Site "Fuerstenfeld"]
[Date "2013.04.21"]
[Round "11"]
[Board "1"]
[White "Horvath, Tamas"]
[Black "Poetz, Florian"]
[Result "1-0"]
[WhiteElo "2390"]
[BlackElo "2411"]
[PlyCount "88"]
[EventDate "2012.10.19"]
[EventType "team"]
[EventRounds "11"]
[EventCountry "AUT"]
[WhiteTeam "RbEJ Gleisdorf"]
[BlackTeam "Schachklub Sparkasse Fuerstenfeld"]

1. e4 c5 2. Nf3 e6 3. c4 Nc6 4. Nc3 e5 5. d3 g6 6. a3 d6 7. Nd5 Bg7 8. b4 b6 9.
h4 h6 10. h5 g5 11. Nh2 Nge7 12. Bb2 Nxd5 13. cxd5 Nd4 14. Be2 f5 15. Bxd4 exd4
16. exf5 Bxf5 17. Bg4 O-O 18. O-O Qd7 19. Re1 Be5 20. g3 Rae8 21. Re4 Bg7 22.
f3 Bxg4 23. Nxg4 Qf7 24. Qe2 Rd8 25. Kg2 Qxd5 26. Re1 Rd7 27. Re6 Kh7 28. Rg6
Rdf7 29. Qe4 Qxe4 30. fxe4 Rd8 31. Rc1 Rc7 32. b5 Rf7 33. Rf1 Rxf1 34. Kxf1 d5
35. exd5 Rxd5 36. Rxh6+ Bxh6 37. Nf6+ Kg7 38. Nxd5 g4 39. Ne7 Kf6 40. Nc6 Ke6
41. Nxa7 Kd7 42. Nc6 Kd6 43. Ke2 Bg5 44. a4 Kd5 1-0

[Event "2. Bundesliga Mitte 2012/2013"]
[Site "Fuerstenfeld"]
[Date "2013.04.21"]
[Round "11"]
[Board "3"]
[White "Wegerer, Fred"]
[Black "Radnetter, Georg"]
[Result "1/2-1/2"]
[WhiteElo "2194"]
[BlackElo "2278"]
[PlyCount "66"]
[EventDate "2012.10.19"]
[EventType "team"]
[EventRounds "11"]
[EventCountry "AUT"]
[WhiteTeam "RbEJ Gleisdorf"]
[BlackTeam "Schachklub Sparkasse Fuerstenfeld"]

1. g3 e5 2. Bg2 Nf6 3. c4 d5 4. cxd5 Nxd5 5. Nc3 Nb6 6. Nf3 Nc6 7. Rb1 a5 8. d3
Be7 9. Be3 O-O 10. O-O Be6 11. a3 Nd5 12. Bd2 Qd7 13. Qc2 Nxc3 14. Bxc3 f6 15.
Rfc1 Ba2 16. Ra1 Bd5 17. e3 Rfd8 18. Rd1 a4 19. Qe2 Qe6 20. Rac1 Rd7 21. Rd2
Rad8 22. Ne1 Bxg2 23. Kxg2 Na5 24. Bxa5 Qd5+ 25. Qf3 Qxa5 26. Rdc2 c5 27. h4 b5
28. h5 Qa8 29. e4 h6 30. Qg4 Rc7 31. f4 Qc8 32. Kf3 Rcd7 33. Rxc5 Re8 1/2-1/2

[Event "2. Bundesliga Mitte 2012/2013"]
[Site "Fuerstenfeld"]
[Date "2013.04.21"]
[Round "11"]
[Board "4"]
[White "Schwarhofer, Christopher"]
[Black "Watzka, Horst"]
[Result "1/2-1/2"]
[WhiteElo "2285"]
[BlackElo "2259"]
[PlyCount "60"]
[EventDate "2012.10.19"]
[EventType "team"]
[EventRounds "11"]
[EventCountry "AUT"]
[WhiteTeam "Schachklub Sparkasse Fuerstenfeld"]
[BlackTeam "RbEJ Gleisdorf"]

1. e4 c5 2. Nc3 Nc6 3. f4 g6 4. Nf3 Bg7 5. Bc4 e6 6. e5 d6 7. exd6 Qxd6 8. d3
Nf6 9. Ne4 Qe7 10. c3 O-O 11. Be3 b6 12. h3 Bb7 13. O-O Rad8 14. Qc2 Na5 15.
Bb3 Ba6 16. Nf2 Nd5 17. Bxd5 Rxd5 18. Rfe1 Nc6 19. Rad1 Rfd8 20. a3 Qc7 21. Re2
Bb7 22. Red2 Ne7 23. Re2 R5d7 24. Ng5 h6 25. Nge4 Qc6 26. Ng4 Nd5 27. Ne5 Qc7
28. Nxd7 Rxd7 29. Qc1 Ne7 30. Ng3 Kh7 1/2-1/2

[Event "2. Bundesliga Mitte 2012/2013"]
[Site "Fuerstenfeld"]
[Date "2013.04.21"]
[Round "11"]
[Board "5"]
[White "Sandner, Wolfgang"]
[Black "Hatzl, Stefan"]
[Result "1/2-1/2"]
[WhiteElo "2209"]
[BlackElo "2183"]
[PlyCount "61"]
[EventDate "2012.10.19"]
[EventType "team"]
[EventRounds "11"]
[EventCountry "AUT"]
[WhiteTeam "RbEJ Gleisdorf"]
[BlackTeam "Schachklub Sparkasse Fuerstenfeld"]

1. e4 g6 2. d4 Bg7 3. g3 c5 4. c3 cxd4 5. cxd4 d5 6. e5 h5 7. Nc3 Nc6 8. Bg2 e6
9. Nf3 Nge7 10. Bg5 Qb6 11. Qd2 Nf5 12. Rd1 Bd7 13. b3 Bf8 14. O-O Be7 15. Bxe7
Ncxe7 16. h3 Qd8 17. Rc1 Kf8 18. Rfd1 Kg7 19. Bf1 Nc6 20. Qf4 Qe7 21. Bd3 Nh6
22. Bb1 Raf8 23. Qg5 Qxg5 24. Nxg5 Ne7 25. Ne2 Rc8 26. Bd3 Rxc1 27. Rxc1 Rc8
28. Rxc8 Bxc8 29. f3 Nc6 30. Kf2 Ng8 31. Ke3 1/2-1/2

[Event "2. Bundesliga Mitte 2012/2013"]
[Site "Fuerstenfeld"]
[Date "2013.04.21"]
[Round "11"]
[Board "6"]
[White "Hatzl, Johannes"]
[Black "Ofner, Maximilian"]
[Result "1/2-1/2"]
[WhiteElo "2125"]
[BlackElo "1942"]
[PlyCount "62"]
[EventDate "2012.10.19"]
[EventType "team"]
[EventRounds "11"]
[EventCountry "AUT"]
[WhiteTeam "Schachklub Sparkasse Fuerstenfeld"]
[BlackTeam "RbEJ Gleisdorf"]

1. e4 c6 2. d4 d5 3. f3 dxe4 4. fxe4 e5 5. Nf3 exd4 6. Bc4 Bb4+ 7. c3 dxc3 8.
Bxf7+ Ke7 9. Qb3 cxb2+ 10. Qxb4+ Kxf7 11. Bxb2 Nf6 12. Qc4+ Ke8 13. O-O Nbd7
14. Ng5 Qe7 15. Ba3 c5 16. Nc3 Ne5 17. Qb5+ Bd7 18. Qxb7 Rc8 19. Rad1 h6 20.
Nf3 Nxf3+ 21. Rxf3 Bg4 22. Qa6 Bxf3 23. Qxc8+ Kf7 24. Qxh8 Bxd1 25. Qc8 Qd6 26.
Qxc5 Qd2 27. Qc4+ Kg6 28. Nxd1 Qxd1+ 29. Qf1 Qd4+ 30. Qf2 Qd1+ 31. Qf1 Qd4+
1/2-1/2

[Event "2. Bundesliga Mitte 2012/2013"]
[Site "Fuerstenfeld"]
[Date "2013.04.21"]
[Round "11"]
[Board "2"]
[White "Manhardt, Thomas"]
[Black "Sandhoefner, Florian"]
[Result "0-1"]
[WhiteElo "2152"]
[BlackElo "2221"]
[PlyCount "62"]
[EventDate "2012.10.19"]
[EventType "team"]
[EventRounds "11"]
[EventCountry "AUT"]
[WhiteTeam "Union Styria Graz"]
[BlackTeam "ASK St. Valentin"]

1. e4 c5 2. d3 Nc6 3. f4 g6 4. Nf3 Bg7 5. Be2 e6 6. O-O Nge7 7. c3 d5 8. a4 O-O
9. Na3 b6 10. Qe1 Bb7 11. Qh4 Na5 12. f5 exf5 13. Bh6 f6 14. e5 Nec6 15. exf6
Qxf6 16. Bg5 Qd6 17. Nb5 Qd7 18. Bf4 Rae8 19. Rae1 Ne5 20. d4 cxd4 21. Nbxd4
Nac6 22. Bb5 Nxf3+ 23. Nxf3 a6 24. Ne5 Bxe5 25. Bxc6 Qxc6 26. Bxe5 d4 27. Qf2
d3 28. Bd4 Qxa4 29. Bxb6 Qc2 30. Bd4 Rxe1 31. Rxe1 d2 0-1

[Event "2. Bundesliga Mitte 2012/2013"]
[Site "Fuerstenfeld"]
[Date "2013.04.21"]
[Round "11"]
[Board "3"]
[White "Kranzl, Peter"]
[Black "Schriebl, Alexander"]
[Result "1/2-1/2"]
[WhiteElo "2239"]
[BlackElo "2086"]
[PlyCount "59"]
[EventDate "2012.10.19"]
[EventType "team"]
[EventRounds "11"]
[EventCountry "AUT"]
[WhiteTeam "ASK St. Valentin"]
[BlackTeam "Union Styria Graz"]

1. e4 d5 2. exd5 Qxd5 3. d4 Nc6 4. Nf3 Bg4 5. Be2 O-O-O 6. c3 e5 7. Be3 exd4 8.
cxd4 Bb4+ 9. Nc3 Bxf3 10. Bxf3 Qc4 11. Qb3 Qxb3 12. axb3 Nge7 13. O-O a6 14.
Rfd1 Kb8 15. Ra4 Rhe8 16. d5 Bxc3 17. dxc6 Rxd1+ 18. Bxd1 Bxb2 19. cxb7 Kxb7
20. Rb4+ Kc8 21. Bf3 Nf5 22. Bb7+ Kd7 23. Bxa6 Nxe3 24. fxe3 Rxe3 25. Bc4 f6
26. Kf2 Re5 27. Rb5 Kd6 28. Rxe5 Kxe5 29. Kf3 Bc1 30. h3 1/2-1/2

[Event "2. Bundesliga Mitte 2012/2013"]
[Site "Fuerstenfeld"]
[Date "2013.04.21"]
[Round "11"]
[Board "4"]
[White "Herrmann, Johann"]
[Black "Tober, Gerhard"]
[Result "0-1"]
[WhiteElo "2158"]
[BlackElo "2272"]
[PlyCount "88"]
[EventDate "2012.10.19"]
[EventType "team"]
[EventRounds "11"]
[EventCountry "AUT"]
[WhiteTeam "Union Styria Graz"]
[BlackTeam "ASK St. Valentin"]

1. c4 Nf6 2. Nc3 e6 3. e3 d5 4. b3 c5 5. Nf3 d4 6. Ne2 Nc6 7. d3 dxe3 8. fxe3
e5 9. Bb2 Ng4 10. Nc3 Nxe3 11. Qe2 Nd4 12. Nxd4 cxd4 13. Nd5 Nxd5 14. cxd5 Bb4+
15. Kf2 Qxd5 16. h4 O-O 17. h5 Re8 18. Rh4 Be7 19. Re4 Bf5 20. Qf3 Bxe4 21.
dxe4 Qe6 22. Kg1 Qf6 23. Qh3 Qh4 24. Qf5 d3 25. Qf2 Qxf2+ 26. Kxf2 Bc5+ 27. Kf3
Rad8 28. Rd1 d2 29. Bc4 a6 30. Bd5 Rxd5 31. exd5 e4+ 32. Ke2 e3 33. Rf1 h6 34.
Rf4 Kf8 35. Rg4 f6 36. Rc4 Bd6 37. Rg4 f5 38. Rd4 Be5 39. d6 Bxd4 40. Bxd4 Rd8
41. Bxe3 Rxd6 42. Bxd2 Kf7 43. Bf4 Rd4 44. g3 Re4+ 0-1

[Event "2. Bundesliga Mitte 2012/2013"]
[Site "Fuerstenfeld"]
[Date "2013.04.21"]
[Round "11"]
[Board "5"]
[White "Theuretzbacher, Klaus"]
[Black "Stagl, Marco"]
[Result "1/2-1/2"]
[WhiteElo "2234"]
[BlackElo "2079"]
[PlyCount "70"]
[EventDate "2012.10.19"]
[EventType "team"]
[EventRounds "11"]
[EventCountry "AUT"]
[WhiteTeam "ASK St. Valentin"]
[BlackTeam "Union Styria Graz"]

1. e4 d5 2. exd5 Qxd5 3. Nc3 Qa5 4. d4 c6 5. Nf3 Nf6 6. Bc4 Bf5 7. O-O e6 8.
Qe2 Nbd7 9. Bf4 Be7 10. h3 h6 11. Ne5 Nxe5 12. Bxe5 O-O 13. Bb3 Rfe8 14. Nd1
Nd7 15. Re1 Nxe5 16. dxe5 Red8 17. c3 Rd7 18. Ne3 Qxe5 19. Nxf5 Qxf5 20. Bc2
Qf4 21. g3 Qg5 22. h4 Qf6 23. Rad1 Rad8 24. Rxd7 Rxd7 25. Rd1 Rxd1+ 26. Bxd1
Bc5 27. Bc2 Kf8 28. Kg2 Ke7 29. Be4 g5 30. hxg5 Qxg5 31. Bf3 Bd6 32. Kf1 Qc1+
33. Kg2 Qg5 34. Kf1 Qc1+ 35. Kg2 Qg5 1/2-1/2

[Event "2. Bundesliga Mitte 2012/2013"]
[Site "Fuerstenfeld"]
[Date "2013.04.21"]
[Round "11"]
[Board "6"]
[White "Kozomara, David"]
[Black "Heimberger, Reinhard"]
[Result "1/2-1/2"]
[WhiteElo "1922"]
[BlackElo "2300"]
[PlyCount "273"]
[EventDate "2012.10.19"]
[EventType "team"]
[EventRounds "11"]
[EventCountry "AUT"]
[WhiteTeam "Union Styria Graz"]
[BlackTeam "ASK St. Valentin"]

1. e4 c5 2. Nf3 e6 3. d4 cxd4 4. Nxd4 Nf6 5. Nc3 d6 6. Be2 a6 7. Be3 Qc7 8. f4
b5 9. Bf3 Bb7 10. a3 Nbd7 11. O-O Be7 12. f5 e5 13. Nde2 Nc5 14. Ng3 O-O 15.
Nh5 Rfd8 16. Nxf6+ Bxf6 17. Nd5 Bxd5 18. Qxd5 Na4 19. Qb3 Rac8 20. c3 d5 21.
exd5 e4 22. Be2 Be5 23. h3 Qe7 24. Bd4 Bxd4+ 25. cxd4 Qf6 26. Rad1 Rc7 27. Rf4
Nb6 28. Rxe4 Qxf5 29. Re5 Qf4 30. d6 Rc1 31. Rxc1 Qxc1+ 32. Kf2 Qf4+ 33. Qf3
Qxd4+ 34. Qe3 Qxd6 35. Re8+ Rxe8 36. Qxe8+ Qf8 37. Qc6 Qb8 38. g3 g6 39. b3 Qd8
40. Qc3 Qd6 41. a4 b4 42. Qd3 Qc5+ 43. Qe3 Qf5+ 44. Kg2 Nd5 45. Qe8+ Kg7 46.
Bxa6 Qc2+ 47. Qe2 Qxb3 48. Bb5 Qc3 49. a5 Ne3+ 50. Kf2 Nf5 51. Qd3 Qc5+ 52. Kg2
Nd4 53. Bc4 Nf5 54. Bb5 Nd6 55. Bd7 Qc7 56. Bg4 Nc4 57. Qd4+ f6 58. Be2 Qc6+
59. Kf2 Nxa5 60. Qxb4 Qc7 61. Bf3 Qc2+ 62. Be2 Qf5+ 63. Bf3 Qe5 64. Kg2 h5 65.
Kf2 Qc7 66. Bd5 Qc2+ 67. Ke3 Qc1+ 68. Qd2 Nc4+ 69. Bxc4 Qxc4 70. Qd6 Qc3+ 71.
Kf2 Qc2+ 72. Kf3 Qf5+ 73. Kg2 Qe5 74. Qd7+ Kh6 75. Qd2+ g5 76. Qb4 Kg6 77. Qb1+
Qf5 78. Qb3 Qe4+ 79. Kf2 Qd4+ 80. Kg2 h4 81. Qg8+ Kf5 82. Qh7+ Ke6 83. Qg8+ Ke5
84. Qe8+ Kd5 85. Qf7+ Ke4 86. Qe6+ Kd3 87. Qa6+ Ke3 88. Qa3+ Ke2 89. Qf3+ Kd2
90. gxh4 gxh4 91. Qf2+ Kd3 92. Qf1+ Ke4 93. Qf3+ Ke5 94. Qh5+ f5 95. Qh8+ Kd5
96. Qd8+ Kc4 97. Qc8+ Qc5 98. Qa6+ Kd5 99. Qa2+ Ke5 100. Qb2+ Qd4 101. Qb8+ Ke4
102. Qb1+ Kf4 103. Qf1+ Ke5 104. Qc1 Qe4+ 105. Kg1 Qd4+ 106. Kg2 Qe4+ 107. Kg1
Qd3 108. Qe1+ Qe4 109. Qc1 Kd4 110. Qb2+ Kd3 111. Qb3+ Kd2 112. Qb2+ Kd1 113.
Qb3+ Kd2 114. Qb2+ Ke3 115. Qf2+ Kd3 116. Qf1+ Kd4 117. Qd1+ Ke5 118. Qc1 Qf3
119. Qe1+ Qe4 120. Qc1 f4 121. Qc5+ Qd5 122. Qe7+ Kf5 123. Qxh4 Qd1+ 124. Kf2
Qd2+ 125. Kf1 Ke4 126. Qh7+ Kf3 127. Qh5+ Kg3 128. Qg4+ Kh2 129. Qg1+ Kxh3 130.
Qh1+ Kg3 131. Qg1+ Kf3 132. Qh1+ Ke3 133. Qh3+ Kd4 134. Qd7+ Kc3 135. Qxd2+
Kxd2 136. Kf2 f3 137. Kxf3 1/2-1/2

[Event "2. Bundesliga Mitte 2012/2013"]
[Site "Fuerstenfeld"]
[Date "2013.04.21"]
[Round "11"]
[Board "2"]
[White "Grunberg, Mihai-Lucian"]
[Black "Gergacz, Attila"]
[Result "1/2-1/2"]
[WhiteElo "2426"]
[BlackElo "2393"]
[PlyCount "59"]
[EventDate "2012.10.19"]
[EventType "team"]
[EventRounds "11"]
[EventCountry "AUT"]
[WhiteTeam "StrassenbahnGraz"]
[BlackTeam "SV Steyregg"]

1. Nf3 Nf6 2. c4 e6 3. g3 b6 4. Bg2 Bb7 5. O-O Be7 6. d4 d6 7. Nc3 O-O 8. d5 e5
9. Nxe5 dxe5 10. d6 Bxg2 11. dxe7 Qxe7 12. Kxg2 Qe6 13. b3 Na6 14. Ba3 Rfd8 15.
Qc2 Rd7 16. Rad1 Rad8 17. Rxd7 Rxd7 18. Rd1 c6 19. Rxd7 Qxd7 20. Ne4 Nxe4 21.
Qxe4 f6 22. f4 exf4 23. gxf4 Kf7 24. f5 g6 25. fxg6+ hxg6 26. Qh4 Kg7 27. Qe4
Kf7 28. Qh4 Kg7 29. Qe4 Kf7 30. Qh4 1/2-1/2

[Event "2. Bundesliga Mitte 2012/2013"]
[Site "Fuerstenfeld"]
[Date "2013.04.21"]
[Round "11"]
[Board "3"]
[White "Nemeth, Miklos"]
[Black "Supancic, Darko"]
[Result "1-0"]
[WhiteElo "2446"]
[BlackElo "2370"]
[PlyCount "81"]
[EventDate "2012.10.19"]
[EventType "team"]
[EventRounds "11"]
[EventCountry "AUT"]
[WhiteTeam "SV Steyregg"]
[BlackTeam "StrassenbahnGraz"]

1. e4 d6 2. d4 Nf6 3. Nc3 g6 4. f4 Bg7 5. Nf3 O-O 6. Bd3 Na6 7. O-O c5 8. d5
Nc7 9. a4 Bg4 10. h3 Bxf3 11. Qxf3 Nd7 12. Nb5 a6 13. Nxc7 Qxc7 14. c3 c4 15.
Bc2 Nc5 16. Be3 b6 17. h4 Rae8 18. h5 Nd7 19. Rae1 b5 20. Qh3 Qc8 21. hxg6 fxg6
22. axb5 axb5 23. Ra1 Nc5 24. f5 gxf5 25. exf5 Nd3 26. Bxd3 cxd3 27. Rf4 Rf7
28. g4 Be5 29. Rb4 Kh8 30. Rf1 Rg8 31. g5 Bf6 32. Rg4 Rfg7 33. g6 d2 34. Bxd2
Qc5+ 35. Be3 Qxd5 36. Bh6 Qc5+ 37. Kg2 Qd5+ 38. Qf3 Qe5 39. Rh1 b4 40. Bxg7+
Rxg7 41. Qa8+ 1-0

[Event "2. Bundesliga Mitte 2012/2013"]
[Site "Fuerstenfeld"]
[Date "2013.04.21"]
[Round "11"]
[Board "4"]
[White "Krebs, Johann"]
[Black "Enoeckl, Philipp"]
[Result "1/2-1/2"]
[WhiteElo "2243"]
[BlackElo "2316"]
[PlyCount "72"]
[EventDate "2012.10.19"]
[EventType "team"]
[EventRounds "11"]
[EventCountry "AUT"]
[WhiteTeam "StrassenbahnGraz"]
[BlackTeam "SV Steyregg"]

1. d4 Nf6 2. c4 g6 3. Nc3 Bg7 4. e4 d6 5. Be2 O-O 6. Nf3 e5 7. O-O Nc6 8. d5
Ne7 9. Ne1 Nd7 10. Nd3 f5 11. Bd2 Kh8 12. f3 h5 13. exf5 Nxf5 14. Ne4 Nf6 15.
Ndf2 c6 16. Bg5 cxd5 17. cxd5 Qb6 18. Qd2 Nxe4 19. fxe4 Nd4 20. Kh1 Bd7 21. Bc4
Rac8 22. b3 Rf7 23. Nd3 Rcf8 24. Nb2 Qc5 25. Rxf7 Rxf7 26. Rf1 Rxf1+ 27. Bxf1
Qc7 28. Qf2 Be8 29. Kg1 b5 30. Qd2 Kh7 31. Nd3 Bf8 32. Ne1 Be7 33. Be3 Bf6 34.
Qf2 Qe7 35. Nf3 Nxf3+ 36. Qxf3 a6 1/2-1/2

[Event "2. Bundesliga Mitte 2012/2013"]
[Site "Fuerstenfeld"]
[Date "2013.04.21"]
[Round "11"]
[Board "6"]
[White "Steiner, Stefan"]
[Black "Forstner, Joerg"]
[Result "1-0"]
[WhiteElo "2249"]
[BlackElo "2127"]
[PlyCount "145"]
[EventDate "2012.10.19"]
[EventType "team"]
[EventRounds "11"]
[EventCountry "AUT"]
[WhiteTeam "StrassenbahnGraz"]
[BlackTeam "SV Steyregg"]

1. d4 Nf6 2. c4 g6 3. Nf3 Bg7 4. g3 d6 5. Bg2 O-O 6. Nc3 Nc6 7. O-O e5 8. dxe5
dxe5 9. Qxd8 Rxd8 10. Bg5 Be6 11. Nd2 h6 12. Bxf6 Bxf6 13. Rfd1 Be7 14. Nd5
Bxd5 15. cxd5 Nd4 16. e3 Nf5 17. Rac1 Bd6 18. Nc4 Rd7 19. Bh3 Re7 20. Rd3 Rd8
21. Bxf5 gxf5 22. Na5 Bb4 23. Nxb7 Rb8 24. Nc5 Bxc5 25. Rxc5 Rxb2 26. Ra3 Rb7
27. Ra6 Kg7 28. Rca5 Rd7 29. a4 Rd6 30. Rxa7 Rxa7 31. Rxa7 Rxd5 32. Rxc7 Rd1+
33. Kg2 Ra1 34. Ra7 e4 35. a5 Ra2 36. a6 Kf6 37. Ra8 Kg7 38. a7 Kh7 39. Kf1 Kg7
40. Ke1 Kh7 41. Kd1 Kg7 42. Kc1 Kh7 43. Kb1 Ra5 44. Kb2 Kg7 45. Kb3 Kh7 46. Kb4
Ra1 47. Kc5 Kg7 48. Kc6 Rc1+ 49. Kd7 Rd1+ 50. Kc6 Rc1+ 51. Kd6 Ra1 52. Ke5 Ra5+
53. Kf4 Kh7 54. h3 Kg7 55. g4 fxg4 56. hxg4 Ra4 57. Kf5 Kh7 58. Kf6 Ra2 59. Rf8
Ra6+ 60. Kxf7 Rxa7+ 61. Ke6 Kg6 62. Rf5 Ra6+ 63. Ke5 Ra4 64. Kf4 Rb4 65. Rd5
Rb2 66. Rd6+ Kg7 67. Kg3 Rb7 68. Re6 Rb4 69. Re5 Kf6 70. Rf5+ Kg6 71. Rf4 Kg5
72. f3 Rb3 73. Rxe4 1-0